Responses for Show #5105 - Friday, November 17, 2006

2006 Celebrity Jeopardy! game 8.
From Radio City Music Hall in New York City.

Contestants

[<< previous game]

Mario Cantone, an actor and comedian from Sex and the City

Joely Fisher, an actress from 'Til Death

Martin Short, a multitalented man from Fame Becomes Me

[next game >>]

Jeopardy! Round responses

BROAD WEIGH
RADIO CITY
THE LONG & THE SHORT OF IT
(Martin: Ha, I see what you've done.)
JERSEY BOYS
STAR WARS
RETURN OF THE FUNGI
    $200 1
moonshine

Joely
    $200 6
New Orleans

Mario
    $200 5
(Martin: Uhh, that would be, umm, well, 1 million miles.)
...
(Joely: I have no idea, Alex!)

25,000 miles

Martin
Triple Stumper
    $200 13
Shaquille O'Neal

Joely
    $200 4
Jennifer Aniston

Martin
    $400 2
[ERRATUM: Monster was released in 2003, not 2000.]

Charlize Theron

Mario
    $400 8
(Mario: Thank God!)

Los Angeles

Mario
    $400 14
[The end-of-round signal sounds.]

(Frankie Valli and) The Four Seasons

Joely
    $400 9
Jay Leno & David Letterman

Mario
    $600 3
Camryn Manheim

Joely
    $600 10
(Mario: She's a delight.)
(Alex: Easy, now.)
(Mario: Sorry.)
...
(Martin: I can't get this button to work!)

Nicole Richie

Mario
    $800 7
(Mario: What is the Smithsonian?)
(Alex: No, sorry.)
(Mario: Nooooooooo!)
(Joely: What is Ripley's... Believe It or Not?)
(Martin: Hi. Umm, I would say, umm, uh, uh, Ms., oh, "Do you wanna shoot the swans." Who's that guy?)
...
(Martin: That's what I meant.)
(Alex: I know you meant that.)

P.T. Barnum

MartinJoelyMario
Triple Stumper
    $800 11
(Mario: Uh, who is, um, oh, oh God, who won it, I can't bel--[the time expiry signal sounds] oh, who is Taylor--)
(Alex: Sorry, too much time.)
(Mario: Taylor, ahhh! [Wraps signaling device cable around his neck and pretends to hang himself])
...
(Mario: Ahh! I can't be--Who is!)

Taylor Hicks

JoelyMario
    $1000 12
(Alex: Minute to go, players.)

Debra Winger

Mario

Scores at the first commercial break (after clue 8):

Martin Joely Mario
-$800 $0 $200

Scores at the end of the Jeopardy! Round:

Martin Joely Mario
-$800 $1,400 $1,400

Double Jeopardy! Round responses

GOVERNMENT & POLITICS
(Alex: Don't be intimidated.)
FAME BECOMES ME
(Alex: Hello!)
THE FRENCH
SAX & THE CITY
'TIL DEATH
THE "END"
(Alex: Notice "E-N-D" in quotation marks. That word will come up, those letters, in each correct response.)
    $400 1
(Martin: What is 1%?)

voter turnout

Martin
Triple Stumper
    $400 6
Johnny Carson

Mario
    $400 11
(Joely: Uh--uh--)
(Alex: You have to ring in.)
(Martin: Yeah, but we don't know.)
(Joely: I can't remember his name.)
(Alex: Oh. Who is [*]? Pick again. Thank you. I get $200. I get $400. I get $600.)

Mr. Spock

Triple Stumper
    $400 14
(Joely: The First Amendment? No?)
(Alex: Yes. But remember to phrase it in the form of a question.)
(Mario: I'm ready to say that, Alex.)
(Alex: I know you are, but she said it before you.)
(Mario: Oh, you're just sucking up 'cuz she's prettier.)
(Alex: Yes.)

an amendment

Joely
    $800 2
the Judicial Branch

Triple Stumper
    $800 7
Al Capone

Martin
    $800 12
a cemetery

Joely
    $800 17
a fender bender

Joely
    $1200 3
the Speaker of the House

Martin
    $1200 8
(Joely: Who is--oh, my gosh... [time expires] [*]?)

Clint Eastwood

JoelyMario
    $1200 13
heaven

Martin
    $1200 18
a bartender

Mario
    $1600 4
(Martin: What is a Centennial?)
(Alex: No.)
(Martin: Aw, I'm in the hole again--$1,600!)

a Constitutional Convention

Martin
Triple Stumper
    $2,000 9
(Mario: [Presses signaling device])
(Joely: Just guess.)
(Mario: Oh, I guess--I'm going like this [tries to signal in]... [stammers] who is [*]?)

Rupert Murdoch

Mario
    $1600 15
(Joely: What?)
...
(Alex: Less than a minute to go, now, Joely.)

death row

Triple Stumper
    $1600 19
endangered

Joely
    $2000 5
(Mario: I can't believe I got that. It's unbelievable. Do I pick?)

Gary Hart

Mario
    $2000 10
Mr. Giuliani

Joely
    $2000 16
Death of a Salesman

Joely
    $2000 20
(Martin: What is a chant? [Ducks down behind podium])
(Alex: [Laughs] No. Sorry.)
(Martin: I'm going for a big minus.)
(Alex: A big finish.)
(Martin: Might as well go for a laugh.)
(Alex: No, we're going for [*].)
(Martin: I know.)
[The end-of-round signal sounds.]

a calendar

Martin
Triple Stumper

Scores at the end of the Double Jeopardy! Round:

Martin Joely Mario
-$1,600 $7,800 $8,200

[wagering suggestions for these scores]

Final Jeopardy! Round responses

THE TONY AWARDS
[Martin was given $100 with which to play Final Jeopardy!]
(Alex: [Revealing Mario's response] What is [*], about [*] LaGuardia.)
MartinWhat La
$2
JoelyWhat was
$2,800
MarioWhat is Fiorello
$5,000
Fiorello!

Final scores:

Martin Joely Mario
$98 $5,000 $13,200
3rd place: $25,000 to the DeBartolo Performing Arts Center at the University of Notre Dame 2nd place: $25,000 to Dream Foundation Winner: $50,000 to Broadway Cares/Equity Fights AIDS

Game dynamics:

Coryat scores:

Martin Joely Mario
-$1,600 $7,800 $7,800
4 R,
5 W
11 R
(including 1 DD),
2 W
11 R
(including 1 DD),
2 W

Combined Coryat: $14,000

[game clues] [game scores] [suggest correction]

Game tape date: 2006-10-07
The J! Archive is created by fans, for fans. Scraping, republication, monetization, and malicious use prohibited; this site may use cookies and collect identifying information. See terms. The Jeopardy! game show and all elements thereof, including but not limited to copyright and trademark thereto, are the property of Jeopardy Productions, Inc. and are protected under law. This website is not affiliated with, sponsored by, or operated by Jeopardy Productions, Inc. Join the discussion at JBoard.tv.